Superconductivity /

Bibliographic Details
Other Authors: Poole, Charles P.
Format: Book
Language:English
Published: Oxford : Academic, 2007.
Edition:2nd ed.
Subjects:

MARC

Tag First Indicator Second Indicator Subfields
LEADER 00000cam a22000008a 4500
001 in00002326521
005 20151108041422.0
008 070702s2007 enka b 001 0 eng
015 |a GBA750903  |2 bnb 
016 7 |a 013783495  |2 Uk 
020 |a 9780120887613 (hbk.) 
020 |a 0120887614 (hbk.) 
029 1 |a OHX  |b har075013943 
035 |a (OCoLC)ocn153553298 
040 |a UKM  |c UKM  |d OHX  |d BAKER  |d ORU  |d YDXCP  |d UtOrBLW 
049 |a TXAM 
082 0 4 |a 537.623  |2 22 
090 |a QC611.92  |b .P66 2007 
245 0 0 |a Superconductivity /  |c Charles Poole [and others]. 
250 |a 2nd ed. 
264 1 |a Oxford :  |b Academic,  |c 2007. 
300 |a xxiii, 646 pages :  |b illustrations ;  |c 25 cm. 
336 |a text  |b txt  |2 rdacontent 
337 |a unmediated  |b n  |2 rdamedia 
338 |a volume  |b nc  |2 rdacarrier 
504 |a Includes bibliographical references (pages 583-632) and index. 
650 0 |a Superconductivity. 
700 1 |a Poole, Charles P. 
994 |a C0  |b TXA 
948 |a cataloged  |b h  |c 2007/9/13  |d c  |e blrosas  |f 11:44:51 am 
999 |a MARS 
999 f f |s 459afa46-2b42-37d3-9ac1-06d7dcd6ce24  |i b36219ca-6435-32ff-9358-c098e8299f06  |t 0 
952 f f |p normal  |a Texas A&M University  |b College Station  |c Sterling C. Evans Library  |d Evans: Library Stacks  |t 0  |e QC611.92 .P66 2007  |h Library of Congress classification  |i unmediated -- volume  |m A14836233329 
998 f f |a QC611.92 .P66 2007  |t 0  |l Evans: Library Stacks